Divoká hra / (Záznam č. 34218)
| 000 -Návěští | |
|---|---|
| Řídící pole kódované 24B | 01866nam a2200373 i 4500 |
| 001 - Kontrolní číslo | |
| Řídící pole proměnné | 5234193 |
| 003 - Identifikátor kontrolního čísla | |
| Řídící pole proměnné | CZ PrSKC |
| 005 - Datum posledního zpracování | |
| Řídící pole 16B | 20260428083214.0 |
| 007 - Pole pevné délky pro fyzický popis | |
| Řídící pole kódované | ta |
| 008 - Údaje pevné délky | |
| Řídící pole kódované 40B | 260423s2026 xr g 000 f cze |
| 020 ## - ISBN | |
| ISBN | 9788027155019 |
| Dostupnost | Kč 399,00 |
| 040 ## - Zdroj katalogizace-agentura | |
| Agentura původní katalogizace | ABG001 |
| Jazyk katalogizace | cze |
| Použitá pravidla popisu | rda |
| 041 1# - Kód jazyka | |
| Kód jazyka textu/zvuku, mezititulků | cze |
| Kód jazyka originálu | eng |
| 072 #7 - Kód předmětové kategorie - Konspekt | |
| Předmětová kategorie | 821.111-3 |
| Zpřesnění předmětové kategorie | Anglická próza, anglicky psaná |
| Zdroj předmětové klasifikace | Konspekt |
| 080 ## - MDT | |
| Klasifikační znak MDT | 821.111-31 |
| Idetifikátor vydání MDT | MRF |
| 080 ## - MDT | |
| Klasifikační znak MDT | (0:82-31)-055.2 |
| Idetifikátor vydání MDT | MRF |
| 100 1# - Hlavní záhlaví - osobní jméno autora | |
| Osobní jméno | Connor, Cassie |
| Kód role | aut |
| 9 (RLIN) | 20713 |
| 240 10 - Unifikovaný název | |
| Unifikovaný název | <a href="Hot pursuit.">Hot pursuit.</a> |
| Jazyk díla | Česky |
| 245 10 - Údaje o názvu | |
| Název | Divoká hra / |
| Údaj o odpovědností, atd. | Cassie Connor ; přeložila Marie Frydrychová |
| 250 ## - Údaje o vydání | |
| Označení vydání | První vydání |
| 264 #1 - Nakladatelské údaje | |
| Místo vydání | Praha : |
| Nakladatel | Cosmopolis, |
| Rok vydání | 2026 |
| 300 ## - Fyzický popis | |
| Rozsah | 286 stran ; |
| Rozměry | 21 cm |
| 500 ## - Všeobecná poznámka | |
| Text obecné poznámky | Přeloženo z angličtiny |
| 500 ## - Všeobecná poznámka | |
| Text obecné poznámky | Na obálce uvedeno: autorka známá jako Julie Caplinová |
| 520 2# - Anotace | |
| Anotace, atd. | Lydia se přihlásí do reality show, netuší však, že její partnerem bude muž, který jí v minulosti zlomil srdce. |
| Rozšířený text anotace | Lydia Smithová nutně potřebuje peníze, a tak se přihlásí do drsné reality show Zachraň se, kdo můžeš. Když se však z jejího soutěžního partnera vyklube Tom Dereborn, raději by hned vzala nohy na ramena. Muž, se kterým před rokem strávila nezapomenutelný víkend plný vášně, se jí už nikdy neozval, a teď navíc předstírá, že ji vůbec nezná. Nyní jsou ale odkázáni jeden na druhého, v patách mají lovce a potlačené emoce vyplouvají na povrch. Když se minulost začne opakovat, jsou v sázce jsou nejen peníze, ale i Lydiino srdce. Nakladatelská anotace. Kráceno. |
| 655 #7 - Rejstříkový termín - žánr/forma | |
| Žánr/forma či základní termín | anglické romány |
| 655 #7 - Rejstříkový termín - žánr/forma | |
| Žánr/forma či základní termín | romány pro ženy |
| -- | 1646 |
| 655 #9 - Rejstříkový termín - žánr/forma | |
| Žánr/forma či základní termín | English fiction |
| 655 #9 - Rejstříkový termín - žánr/forma | |
| Žánr/forma či základní termín | women's novels |
| -- | 6833 |
| 700 1# - Vedlejší záhlaví - osobní jméno autora | |
| Osobní jméno | Frydrychová, Marie, |
| Datumy související se jménem | 1967- |
| Kód role | trl |
| 9 (RLIN) | 8026 |
| 710 2# - Vedlejší záhlaví - jméno korporativního autora | |
| Jméno korporace nebo jurisdikce | Grada (nakladatelství) |
| Kód role | pbl |
| 9 (RLIN) | 20714 |
| 910 ## - Údaje o vlastníkovi jednotky (exempláře) | |
| Sigla vlastníka jednotky | ABG508 |
| Stav ztráty | Zdroj klasifikace pro skladování | Stav poškození |
|---|---|---|
| Universal Decimal Classification |